[Event "MP do 18 lat - chlopcy"]
[Site "Sypniewo"]
[Date "2022.03.22"]
[Round "4.18"]
[White "Haliniak, Wojciech"]
[Black "Sidorczuk, Pawel"]
[Result "0-1"]
[BlackElo "1917"]
[WhiteElo "1751"]
[LiveChessVersion "1.4.8"]

1. e4 {[%clk 1:30:56]} c6 {[%clk 1:30:56]} 2. d4 {[%clk 1:31:12]} d5
{[%clk 1:31:21]} 3. e5 {[%clk 1:31:35]} Bf5 {[%clk 1:31:47]} 4. h4
{[%clk 1:30:37]} h5 {[%clk 1:32:02]} 5. Bg5 {[%clk 1:30:44]} f6 {[%clk 1:30:42]}
6. Bd3 {[%clk 1:30:42]} Bxd3 {[%clk 1:29:37]} 7. Qxd3 {[%clk 1:31:09]} fxg5
{[%clk 1:29:00]} 8. Qg6+ {[%clk 1:31:27]} Kd7 {[%clk 1:29:25]} 9. e6+
{[%clk 1:31:39]} Kc7 {[%clk 1:23:17]} 10. hxg5 {[%clk 1:32:00]} Qd6
{[%clk 1:18:12]} 11. Ne2 {[%clk 1:25:46]} Nd7 {[%clk 1:08:59]} 12. c4
{[%clk 1:21:52]} dxc4 {[%clk 1:02:55]} 13. Nd2 {[%clk 1:08:45]} Rd8
{[%clk 0:53:22]} 14. O-O {[%clk 0:58:07]} Ndf6 {[%clk 0:37:34]} 15. gxf6
{[%clk 0:58:16]} gxf6 {[%clk 0:37:55]} 16. Nxc4 {[%clk 0:44:41]} Qxe6
{[%clk 0:36:42]} 17. Qg3+ {[%clk 0:45:01]} Kc8 {[%clk 0:36:09]} 18. Ne3
{[%clk 0:44:36]} Qd6 {[%clk 0:25:18]} 19. Nf4 {[%clk 0:42:55]} Bh6
{[%clk 0:24:08]} 20. Qh3+ {[%clk 0:43:12]} Rd7 {[%clk 0:15:36]} 21. Ng6
{[%clk 0:37:36]} Rh7 {[%clk 0:15:44]} 22. Nf5 {[%clk 0:26:44]} Qd5
{[%clk 0:15:36]} 23. Rfe1 {[%clk 0:21:46]} e6 {[%clk 0:14:27]} 24. Nxh6
{[%clk 0:21:05]} Rxh6 {[%clk 0:14:14]} 25. Nf8 {[%clk 0:20:42]} Rd6
{[%clk 0:11:14]} 26. Nxe6 {[%clk 0:19:08]} Kb8 {[%clk 0:08:59]} 27. Qg3
{[%clk 0:18:05]} Ne7 28. Qg7 {[%clk 0:15:05]} Rg6 {[%clk 0:07:58]} 29. Qf8+
{[%clk 0:15:25]} Nc8 {[%clk 0:08:23]} 30. Nf4 {[%clk 0:15:30]} Rg8
{[%clk 0:08:35]} 31. Qxc8+ {[%clk 0:12:07]} Kxc8 {[%clk 0:08:37]} 32. Nxd5
{[%clk 0:12:32]} Rxd5 {[%clk 0:09:03]} 33. Re6 {[%clk 0:11:53]} Rdg5
{[%clk 0:09:03]} 34. g3 {[%clk 0:09:34]} h4 {[%clk 0:09:25]} 35. Kg2
{[%clk 0:07:02]} hxg3 {[%clk 0:09:35]} 36. f4 {[%clk 0:07:27]} Rd5
{[%clk 0:06:45]} 37. Rd1 {[%clk 0:07:27]} f5 {[%clk 0:05:11]} 38. Re5
{[%clk 0:04:56]} Rg4 {[%clk 0:03:49]} 39. Rxd5 {[%clk 0:04:52]} cxd5
{[%clk 0:04:19]} 40. Kf3 {[%clk 0:35:09]} Kd7 {[%clk 0:34:02]} 41. Rg1
{[%clk 0:35:16]} Kc6 {[%clk 0:33:48]} 42. Rxg3 {[%clk 0:35:37]} Rxg3+
{[%clk 0:34:01]} 43. Kxg3 {[%clk 0:36:06]} Kb5 {[%clk 0:34:09]} 44. Kh4
{[%clk 0:36:26]} Kc4 {[%clk 0:34:34]} 45. Kg5 {[%clk 0:36:48]} Kxd4
{[%clk 0:35:00]} 46. Kxf5 {[%clk 0:37:09]} Ke3 {[%clk 0:35:12]} 47. Ke6
{[%clk 0:36:30]} d4 {[%clk 0:35:03]} 48. f5 {[%clk 0:36:36]} d3 {[%clk 0:34:30]}
49. f6 {[%clk 0:36:53]} d2 {[%clk 0:34:58]} 50. f7 {[%clk 0:37:18]} d1=Q
{[%clk 0:35:24]} 51. f8=Q {[%clk 0:37:41]} Qg4+ {[%clk 0:35:39]} 52. Kd5
{[%clk 0:37:27]} Qe4+ {[%clk 0:34:10]} 53. Kc5 {[%clk 0:37:30]} Qd4+
{[%clk 0:34:19]} 54. Kb5 {[%clk 0:37:46]} Qxb2+ {[%clk 0:34:35]} 55. Qb4
{[%clk 0:37:56]} Qxb4+ {[%clk 0:34:39]} 56. Kxb4 {[%clk 0:38:24]} Kd4
{[%clk 0:35:03]} 57. a4 {[%clk 0:28:58]} a6 {[%clk 0:35:06]} 58. Ka5
{[%clk 0:28:25]} Kc4 {[%clk 0:35:30]} 59. Kb6 {[%clk 0:28:34]} Kb4
{[%clk 0:35:53]} 0-1

[Event "MP do 18 lat - chlopcy"]
[Site "Sypniewo"]
[Date "2022.03.22"]
[Round "4.19"]
[White "Malik, Maciej"]
[Black "Ullrich, Karol"]
[Result "1-0"]
[BlackElo "1748"]
[WhiteElo "1912"]
[LiveChessVersion "1.4.8"]

1. e4 {[%clk 1:30:34]} c6 {[%clk 1:30:55]} 2. Nf3 {[%clk 1:30:57]} d5
{[%clk 1:31:21]} 3. Nc3 {[%clk 1:31:12]} dxe4 {[%clk 1:31:46]} 4. Nxe4
{[%clk 1:31:38]} Nf6 {[%clk 1:32:11]} 5. Qe2 {[%clk 1:31:43]} Nxe4
{[%clk 1:30:49]} 6. Qxe4 {[%clk 1:31:57]} Nd7 {[%clk 1:29:53]} 7. Bc4
{[%clk 1:32:07]} Nf6 {[%clk 1:29:31]} 8. Ne5 {[%clk 1:32:10]} e6 {[%clk 1:26:47]}
9. Qe2 {[%clk 1:32:34]} Bd6 {[%clk 1:22:44]} 10. d4 {[%clk 1:32:40]} h6
{[%clk 1:21:38]} 11. O-O {[%clk 1:30:35]} O-O {[%clk 1:21:27]} 12. Rd1
{[%clk 1:22:58]} Qc7 {[%clk 1:19:31]} 13. Bf4 {[%clk 1:20:31]} Nd7
{[%clk 1:14:15]} 14. Rd3 {[%clk 1:08:35]} Re8 {[%clk 1:05:09]} 15. Rg3
{[%clk 1:06:54]} f6 {[%clk 1:05:24]} 16. Rxg7+ {[%clk 1:04:27]} Kxg7
{[%clk 0:54:31]} 17. Qg4+ {[%clk 1:04:52]} Kh8 {[%clk 0:54:42]} 18. Nf7+
{[%clk 1:04:12]} Kh7 {[%clk 0:55:07]} 19. Bd3+ {[%clk 1:03:40]} f5
{[%clk 0:55:14]} 20. Bxf5+ {[%clk 1:03:56]} exf5 {[%clk 0:55:24]} 21. Qxf5+
{[%clk 1:04:23]} Kg8 {[%clk 0:55:04]} 22. Qg6+ {[%clk 1:04:48]} Kf8
{[%clk 0:55:25]} 23. Bxd6+ {[%clk 1:04:41]} Qxd6 {[%clk 0:55:28]} 24. Nxd6
{[%clk 1:05:06]} 1-0

[Event "MP do 18 lat - chlopcy"]
[Site "Sypniewo"]
[Date "2022.03.22"]
[Round "4.20"]
[White "Jedrusik, Adam"]
[Black "Kietrys, Maciej"]
[Result "1-0"]
[BlackElo "1882"]
[WhiteElo "1937"]
[LiveChessVersion "1.4.8"]

1. d4 {[%clk 1:30:58]} d5 {[%clk 1:30:42]} 2. c4 {[%clk 1:31:21]} e6
{[%clk 1:30:50]} 3. Nf3 {[%clk 1:31:47]} Nf6 {[%clk 1:31:13]} 4. g3
{[%clk 1:32:13]} c6 {[%clk 1:30:12]} 5. Bg2 {[%clk 1:32:31]} Nbd7
{[%clk 1:30:15]} 6. Qc2 {[%clk 1:31:11]} Bd6 {[%clk 1:21:44]} 7. O-O
{[%clk 1:30:56]} Ne4 {[%clk 1:08:35]} 8. Nfd2 {[%clk 1:23:47]} f5
{[%clk 1:04:37]} 9. Nxe4 {[%clk 1:23:11]} fxe4 {[%clk 1:04:28]} 10. f3
{[%clk 1:22:52]} exf3 {[%clk 1:02:47]} 11. Rxf3 {[%clk 1:17:37]} Nf6
{[%clk 1:02:52]} 12. Nc3 {[%clk 1:13:57]} Be7 {[%clk 0:53:36]} 13. Bg5
{[%clk 1:09:00]} O-O {[%clk 0:42:37]} 14. Raf1 {[%clk 1:06:50]} dxc4
{[%clk 0:41:31]} 15. e3 {[%clk 1:05:44]} Nd7 {[%clk 0:32:42]} 16. Bxe7
{[%clk 0:59:34]} Qxe7 {[%clk 0:32:57]} 17. Ne4 {[%clk 0:59:44]} Rxf3
{[%clk 0:32:04]} 18. Rxf3 {[%clk 1:00:13]} Nb6 {[%clk 0:32:25]} 19. Nc5
{[%clk 0:56:40]} e5 {[%clk 0:29:24]} 20. Qe4 {[%clk 0:51:50]} Nd7
{[%clk 0:29:12]} 21. Bf1 {[%clk 0:50:02]} Nxc5 {[%clk 0:24:38]} 22. dxc5
{[%clk 0:50:30]} Be6 {[%clk 0:24:29]} 23. Bxc4 {[%clk 0:46:28]} Re8
{[%clk 0:24:15]} 24. Rf5 {[%clk 0:37:40]} Bxc4 {[%clk 0:22:30]} 25. Qxc4+
{[%clk 0:38:09]} Qe6 {[%clk 0:22:44]} 26. Qxe6+ {[%clk 0:37:14]} Rxe6
{[%clk 0:23:10]} 27. Kf1 {[%clk 0:36:10]} Rf6 {[%clk 0:22:15]} 28. Rxf6
{[%clk 0:35:36]} gxf6 {[%clk 0:22:42]} 29. Kf2 {[%clk 0:33:25]} Kf7
{[%clk 0:22:27]} 30. Kf3 {[%clk 0:33:51]} Kg6 {[%clk 0:21:21]} 31. Ke4
{[%clk 0:33:33]} Kg5 {[%clk 0:20:47]} 32. h3 {[%clk 0:30:45]} h6 {[%clk 0:20:09]}
33. b4 {[%clk 0:28:49]} Kg6 {[%clk 0:08:19]} 34. h4 {[%clk 0:28:26]} h5
{[%clk 0:07:39]} 35. a3 {[%clk 0:28:47]} Kg7 {[%clk 0:05:56]} 36. Kf5
{[%clk 0:29:03]} Kf7 {[%clk 0:06:16]} 37. e4 {[%clk 0:28:57]} Kg7
{[%clk 0:03:37]} 38. g4 {[%clk 0:29:09]} hxg4 {[%clk 0:01:52]} 39. Kxg4
{[%clk 0:29:38]} b6 {[%clk 0:01:51]} 40. Kf5 {[%clk 1:00:03]} Kf7
{[%clk 0:30:55]} 41. h5 {[%clk 1:00:31]} bxc5 {[%clk 0:30:22]} 42. bxc5
{[%clk 1:00:59]} Kg7 {[%clk 0:30:38]} 43. h6+ {[%clk 1:01:22]} Kxh6
{[%clk 0:30:59]} 1-0

[Event "MP do 18 lat - chlopcy"]
[Site "Sypniewo"]
[Date "2022.03.22"]
[Round "4.21"]
[White "Zabron, Maksym"]
[Black "Jozefik, Aleksander"]
[Result "1-0"]
[BlackElo "1729"]
[WhiteElo "1934"]
[LiveChessVersion "1.4.8"]

1. d4 {[%clk 1:30:58]} Nf6 {[%clk 1:30:54]} 2. c4 {[%clk 1:31:18]} e6
{[%clk 1:31:14]} 3. Nc3 {[%clk 1:31:26]} Bb4 {[%clk 1:31:19]} 4. f3
{[%clk 1:31:24]} d5 {[%clk 1:28:04]} 5. a3 {[%clk 1:30:21]} Bxc3+
{[%clk 1:27:31]} 6. bxc3 {[%clk 1:30:44]} O-O {[%clk 1:24:59]} 7. cxd5
{[%clk 1:30:38]} exd5 {[%clk 1:24:28]} 8. e3 {[%clk 1:30:55]} b6 {[%clk 1:22:27]}
9. Bd3 {[%clk 1:31:13]} Bb7 {[%clk 1:21:26]} 10. Ne2 {[%clk 1:31:36]} Re8
{[%clk 1:18:23]} 11. O-O {[%clk 1:31:53]} Nbd7 {[%clk 1:17:35]} 12. Ng3
{[%clk 1:31:24]} a6 {[%clk 1:13:01]} 13. Re1 {[%clk 1:27:02]} Nf8
{[%clk 1:02:14]} 14. Ra2 {[%clk 1:21:51]} c5 {[%clk 0:55:24]} 15. Rf2
{[%clk 1:21:01]} Ne6 {[%clk 0:49:28]} 16. Bb2 {[%clk 1:19:29]} Qc7
{[%clk 0:43:37]} 17. e4 {[%clk 1:16:50]} Nf4 {[%clk 0:40:06]} 18. Bb1
{[%clk 1:14:30]} N6h5 {[%clk 0:35:52]} 19. Nxh5 {[%clk 1:14:11]} Nxh5
{[%clk 0:36:16]} 20. e5 {[%clk 1:14:16]} g6 {[%clk 0:21:26]} 21. f4
{[%clk 1:13:50]} Ng7 {[%clk 0:20:51]} 22. f5 {[%clk 1:11:26]} gxf5
{[%clk 0:19:15]} 23. Bxf5 {[%clk 1:06:47]} Bc8 {[%clk 0:19:16]} 24. Bb1
{[%clk 1:06:14]} Qe7 {[%clk 0:13:28]} 25. Ref1 {[%clk 1:05:32]} Ra7
{[%clk 0:11:21]} 26. Rf6 {[%clk 1:05:15]} Qf8 {[%clk 0:10:23]} 27. R1f4
{[%clk 0:58:59]} h5 {[%clk 0:06:32]} 28. Qd3 {[%clk 0:53:00]} Bf5
{[%clk 0:06:29]} 29. R6xf5 {[%clk 0:53:24]} Nxf5 {[%clk 0:06:48]} 30. Qxf5
{[%clk 0:51:55]} Qh6 {[%clk 0:06:04]} 31. Bc1 {[%clk 0:51:36]} Kf8
{[%clk 0:06:22]} 32. Rf1 {[%clk 0:51:22]} Qh8 {[%clk 0:05:37]} 33. Qg6
{[%clk 0:47:23]} Ree7 {[%clk 0:04:36]} 34. Bh6+ {[%clk 0:47:15]} Ke8
{[%clk 0:05:01]} 35. Qc6+ {[%clk 0:47:20]} Rad7 {[%clk 0:05:23]} 36. Bf5
{[%clk 0:47:02]} 1-0

[Event "MP do 18 lat - chlopcy"]
[Site "Sypniewo"]
[Date "2022.03.22"]
[Round "4.22"]
[White "Skurniak, Szymon"]
[Black "Kalkowski, Igor"]
[Result "1-0"]
[BlackElo "1934"]
[WhiteElo "2032"]
[LiveChessVersion "1.4.8"]

1. c4 {[%clk 1:30:58]} c6 {[%clk 1:30:28]} 2. e4 {[%clk 1:28:56]} d5
{[%clk 1:30:52]} 3. cxd5 {[%clk 1:29:23]} cxd5 {[%clk 1:31:15]} 4. exd5
{[%clk 1:29:52]} Nf6 {[%clk 1:31:37]} 5. Nc3 {[%clk 1:30:16]} g6 {[%clk 1:31:50]}
6. Bc4 {[%clk 1:30:06]} Bg7 {[%clk 1:32:06]} 7. Nf3 {[%clk 1:26:45]} O-O
{[%clk 1:32:02]} 8. O-O {[%clk 1:26:32]} Nbd7 {[%clk 1:26:24]} 9. d3
{[%clk 1:25:55]} Nb6 {[%clk 1:23:21]} 10. Qb3 {[%clk 1:26:04]} Bf5
{[%clk 1:23:16]} 11. Be3 {[%clk 1:18:21]} Nfd7 {[%clk 1:23:09]} 12. Nh4
{[%clk 1:03:29]} Bg4 {[%clk 1:22:11]} 13. h3 {[%clk 1:03:18]} Bf6
{[%clk 1:11:25]} 14. Nxg6 {[%clk 0:55:04]} hxg6 {[%clk 1:11:46]} 15. hxg4
{[%clk 0:55:28]} Ne5 {[%clk 1:11:36]} 16. g5 {[%clk 0:50:35]} Nbxc4
{[%clk 1:11:24]} 17. dxc4 {[%clk 0:50:18]} Ng4 {[%clk 1:11:42]} 18. Bf4
{[%clk 0:36:02]} Bd4 {[%clk 1:11:52]} 19. Ne4 {[%clk 0:25:40]} e5
{[%clk 1:08:31]} 20. Qd1 {[%clk 0:15:37]} f5 {[%clk 1:08:24]} 21. gxf6
{[%clk 0:14:58]} Qd7 {[%clk 1:08:41]} 22. Bg5 {[%clk 0:08:56]} Rf7
{[%clk 1:07:49]} 23. Qf3 {[%clk 0:07:08]} Raf8 {[%clk 1:06:45]} 24. Rad1
{[%clk 0:07:09]} Rh7 {[%clk 1:07:00]} 25. Rxd4 {[%clk 0:03:31]} exd4
{[%clk 1:07:10]} 26. Nc5 {[%clk 0:03:36]} Qc8 {[%clk 1:03:13]} 27. Ne6
{[%clk 0:03:46]} Nh2 {[%clk 1:03:31]} 28. Qd3 {[%clk 0:03:25]} Nxf1
{[%clk 1:02:05]} 29. Qxg6+ {[%clk 0:02:53]} Kh8 {[%clk 1:02:29]} 30. Nxf8
{[%clk 0:02:56]} Qxf8 {[%clk 1:02:54]} 31. Kxf1 {[%clk 0:03:01]} Rh1+
{[%clk 1:03:17]} 32. Ke2 {[%clk 0:03:29]} Qb4 {[%clk 1:03:27]} 1-0

[Event "MP do 18 lat - chlopcy"]
[Site "Sypniewo"]
[Date "2022.03.23"]
[Round "5.1"]
[White "Niedbala, Bartlomiej"]
[Black "Czopor, Maciej"]
[Result "1/2-1/2"]
[BlackElo "2423"]
[WhiteElo "2385"]
[LiveChessVersion "1.4.8"]

1. e4 {[%clk 1:28:18]} c5 {[%clk 1:30:56]} 2. Nf3 {[%clk 1:28:20]} e6
{[%clk 1:31:23]} 3. d4 {[%clk 1:28:43]} cxd4 {[%clk 1:31:50]} 4. Nxd4
{[%clk 1:29:07]} Nc6 {[%clk 1:32:18]} 5. Nc3 {[%clk 1:29:30]} Qc7
{[%clk 1:32:44]} 6. Be3 {[%clk 1:29:54]} a6 {[%clk 1:33:06]} 7. g4
{[%clk 1:30:18]} b5 {[%clk 1:26:27]} 8. Nxc6 {[%clk 1:30:26]} Qxc6
{[%clk 1:26:53]} 9. Qd2 {[%clk 1:30:39]} b4 {[%clk 1:27:11]} 10. Ne2
{[%clk 1:31:02]} Qxe4 {[%clk 1:27:19]} 11. Rg1 {[%clk 1:31:27]} Qc4
{[%clk 1:26:50]} 12. Nf4 {[%clk 1:31:07]} Qc7 {[%clk 1:27:09]} 13. O-O-O
{[%clk 1:30:55]} Bb7 {[%clk 1:10:37]} 14. Bb6 {[%clk 1:28:59]} Qc8
{[%clk 1:10:30]} 15. Nh5 {[%clk 1:20:24]} Nf6 {[%clk 0:48:31]} 16. Bd4
{[%clk 1:15:28]} Nxh5 {[%clk 0:45:54]} 17. gxh5 {[%clk 1:14:20]} Rg8
{[%clk 0:45:14]} 18. Bd3 {[%clk 1:04:33]} g6 {[%clk 0:43:50]} 19. hxg6
{[%clk 0:47:09]} hxg6 {[%clk 0:42:28]} 20. h4 {[%clk 0:43:50]} Qc7
{[%clk 0:30:54]} 21. Bf6 {[%clk 0:32:59]} Bf3 {[%clk 0:23:48]} 22. Rde1
{[%clk 0:31:52]} d5 {[%clk 0:23:51]} 23. Kb1 {[%clk 0:15:49]} Bd6
{[%clk 0:21:45]} 24. Qe3 {[%clk 0:06:58]} Bh5 {[%clk 0:21:14]} 25. Qh6
{[%clk 0:04:56]} Kd7 {[%clk 0:19:58]} 26. Qh7 {[%clk 0:05:02]} Raf8
{[%clk 0:12:11]} 27. Bg7 {[%clk 0:04:42]} Ra8 {[%clk 0:06:48]} 28. Bf6
{[%clk 0:03:42]} Raf8 {[%clk 0:07:08]} 29. Bg7 {[%clk 0:02:57]} Ra8
{[%clk 0:07:37]} 30. Bf6 {[%clk 0:01:48]} Raf8 {[%clk 0:08:03]} 31. Bg7
{[%clk 0:02:09]} 1/2-1/2

[Event "MP do 18 lat - chlopcy"]
[Site "Sypniewo"]
[Date "2022.03.23"]
[Round "5.2"]
[White "Baum, Jonasz"]
[Black "Suder, Jakub"]
[Result "1-0"]
[BlackElo "2321"]
[WhiteElo "2317"]
[LiveChessVersion "1.4.8"]

1. e4 {[%clk 1:30:57]} c5 {[%clk 1:30:38]} 2. Nf3 {[%clk 1:31:23]} e6
{[%clk 1:30:46]} 3. d4 {[%clk 1:31:39]} cxd4 {[%clk 1:31:12]} 4. Nxd4
{[%clk 1:32:04]} Nf6 {[%clk 1:31:33]} 5. Nc3 {[%clk 1:32:19]} Nc6
{[%clk 1:31:54]} 6. Nxc6 {[%clk 1:32:20]} bxc6 {[%clk 1:32:19]} 7. e5
{[%clk 1:32:45]} Nd5 {[%clk 1:32:46]} 8. Ne4 {[%clk 1:33:06]} Qc7
{[%clk 1:33:11]} 9. f4 {[%clk 1:33:26]} Rb8 {[%clk 1:32:59]} 10. c4
{[%clk 1:29:07]} Bb4+ {[%clk 1:33:21]} 11. Ke2 {[%clk 1:29:15]} O-O
{[%clk 1:33:44]} 12. a3 {[%clk 1:23:11]} Be7 {[%clk 1:32:42]} 13. cxd5
{[%clk 1:22:38]} cxd5 {[%clk 1:31:58]} 14. Nd6 {[%clk 1:21:03]} f6
{[%clk 1:29:38]} 15. Nxc8 {[%clk 1:20:39]} Rfxc8 {[%clk 1:27:44]} 16. exf6
{[%clk 1:20:56]} Bxf6 {[%clk 1:26:43]} 17. Rb1 {[%clk 1:16:02]} Qc4+
{[%clk 1:16:19]} 18. Kf2 {[%clk 1:16:03]} Qc5+ {[%clk 1:10:20]} 19. Kg3
{[%clk 1:12:15]} e5 {[%clk 1:08:21]} 20. Be2 {[%clk 1:07:01]} Rb6
{[%clk 1:02:11]} 21. h4 {[%clk 0:57:52]} e4 {[%clk 0:54:15]} 22. Bg4
{[%clk 0:44:25]} d4 {[%clk 0:48:04]} 23. Re1 {[%clk 0:31:06]} Qe7
{[%clk 0:46:26]} 24. Kh3 {[%clk 0:28:18]} Bxh4 {[%clk 0:43:51]} 25. g3
{[%clk 0:28:36]} Bf6 {[%clk 0:35:45]} 26. b4 {[%clk 0:26:42]} g6 {[%clk 0:30:33]}
27. Qb3+ {[%clk 0:23:09]} Kg7 {[%clk 0:28:42]} 28. Qd5 {[%clk 0:22:36]} h5
{[%clk 0:28:37]} 29. Bf3 {[%clk 0:22:06]} e3 {[%clk 0:27:10]} 30. Bb2
{[%clk 0:21:18]} Rd6 {[%clk 0:27:09]} 31. Qe4 {[%clk 0:21:04]} Qf7
{[%clk 0:26:35]} 32. Rbd1 {[%clk 0:19:32]} Re8 {[%clk 0:26:34]} 33. Qd3
{[%clk 0:18:38]} g5 {[%clk 0:26:30]} 34. fxg5 {[%clk 0:16:29]} Be5
{[%clk 0:26:44]} 35. Rf1 {[%clk 0:09:46]} Rf8 {[%clk 0:23:15]} 36. Qe4
{[%clk 0:07:07]} Re8 {[%clk 0:21:55]} 37. Be2 {[%clk 0:06:41]} Qe6+
{[%clk 0:21:21]} 38. Qf5 {[%clk 0:04:45]} Qa2 {[%clk 0:20:29]} 39. Bd3
{[%clk 0:04:37]} Qg8 {[%clk 0:20:36]} 40. Rf3 {[%clk 0:32:24]} e2
{[%clk 0:49:39]} 1-0

[Event "MP do 18 lat - chlopcy"]
[Site "Sypniewo"]
[Date "2022.03.23"]
[Round "5.3"]
[White "Budzisz, Adrian"]
[Black "Fiedorek, Michal"]
[Result "1/2-1/2"]
[BlackElo "2317"]
[WhiteElo "2064"]
[LiveChessVersion "1.4.8"]

1. d4 {[%clk 1:30:59]} d5 {[%clk 1:30:51]} 2. Nf3 {[%clk 1:31:21]} Nf6
{[%clk 1:30:56]} 3. c4 {[%clk 1:31:43]} e6 {[%clk 1:31:18]} 4. g3
{[%clk 1:32:09]} Be7 {[%clk 1:31:40]} 5. Bg2 {[%clk 1:32:35]} O-O
{[%clk 1:31:56]} 6. O-O {[%clk 1:33:02]} dxc4 {[%clk 1:32:19]} 7. Qc2
{[%clk 1:33:29]} c6 {[%clk 1:32:29]} 8. Qxc4 {[%clk 1:33:55]} b5 {[%clk 1:32:48]}
9. Qb3 {[%clk 1:34:21]} Bb7 {[%clk 1:32:31]} 10. Be3 {[%clk 1:34:44]} Nbd7
{[%clk 1:25:02]} 11. Rc1 {[%clk 1:34:31]} Nd5 {[%clk 1:23:19]} 12. a4
{[%clk 1:34:04]} a6 {[%clk 1:19:16]} 13. Nbd2 {[%clk 1:34:13]} Qb6
{[%clk 1:05:20]} 14. Ne4 {[%clk 1:28:52]} Nxe3 {[%clk 0:50:50]} 15. Qxe3
{[%clk 1:28:44]} Rfd8 {[%clk 0:44:29]} 16. h4 {[%clk 1:15:20]} h6
{[%clk 0:37:17]} 17. Rc2 {[%clk 1:03:25]} Rac8 {[%clk 0:32:52]} 18. Nc5
{[%clk 0:59:38]} Nxc5 {[%clk 0:30:12]} 19. dxc5 {[%clk 0:59:39]} Qa5
{[%clk 0:29:48]} 20. Qf4 {[%clk 0:58:00]} Bf6 {[%clk 0:25:14]} 21. g4
{[%clk 0:57:34]} Qc7 {[%clk 0:23:27]} 22. Qe3 {[%clk 0:57:05]} Be7
{[%clk 0:13:52]} 23. g5 {[%clk 0:56:20]} Rd5 {[%clk 0:09:39]} 24. gxh6
{[%clk 0:53:58]} Rcd8 {[%clk 0:08:00]} 25. hxg7 {[%clk 0:48:35]} Rd1+
{[%clk 0:07:03]} 26. Rxd1 {[%clk 0:48:17]} Rxd1+ {[%clk 0:07:27]} 27. Bf1
{[%clk 0:48:44]} Bf6 {[%clk 0:07:29]} 28. Rd2 {[%clk 0:48:18]} Rxd2
{[%clk 0:07:15]} 29. Qxd2 {[%clk 0:48:09]} Kxg7 {[%clk 0:06:25]} 30. Bg2
{[%clk 0:46:42]} bxa4 {[%clk 0:05:09]} 31. Qb4 {[%clk 0:42:57]} a5
{[%clk 0:04:19]} 32. Qxa4 {[%clk 0:42:13]} Bxb2 {[%clk 0:03:52]} 33. Ng5
{[%clk 0:42:16]} Be5 {[%clk 0:01:40]} 34. Qg4 {[%clk 0:40:37]} Kf8
{[%clk 0:00:52]} 35. e3 {[%clk 0:40:19]} Ba6 {[%clk 0:00:35]} 36. Qf3
{[%clk 0:39:43]} Qd7 {[%clk 0:00:40]} 37. Bh3 {[%clk 0:39:15]} Bc4
{[%clk 0:00:43]} 38. Qh5 {[%clk 0:37:52]} Bg7 {[%clk 0:00:39]} 39. Qg4
{[%clk 0:37:15]} Qd3 {[%clk 0:00:54]} 40. Nh7+ {[%clk 1:04:00]} Qxh7
{[%clk 0:30:45]} 41. Qxc4 {[%clk 1:04:27]} Qb1+ {[%clk 0:28:11]} 42. Bf1
{[%clk 1:04:51]} Qb4 {[%clk 0:23:14]} 43. Qxb4 {[%clk 1:04:44]} axb4
{[%clk 0:23:31]} 44. Bg2 {[%clk 1:05:08]} Bf6 {[%clk 0:19:23]} 45. Bxc6
{[%clk 1:05:18]} Be7 {[%clk 0:19:48]} 46. Ba4 {[%clk 1:05:36]} Bxc5
{[%clk 0:20:11]} 47. Kf1 {[%clk 1:05:32]} Kg7 {[%clk 0:20:11]} 48. Ke2
{[%clk 1:05:52]} Be7 {[%clk 0:19:39]} 49. h5 {[%clk 1:05:59]} Kh6
{[%clk 0:20:04]} 50. Be8 {[%clk 1:06:22]} Kg7 {[%clk 0:20:26]} 1/2-1/2

[Event "MP do 18 lat - chlopcy"]
[Site "Sypniewo"]
[Date "2022.03.23"]
[Round "5.4"]
[White "Kacprzak, Kacper"]
[Black "Poltorak, Sebastian"]
[Result "1-0"]
[BlackElo "2303"]
[WhiteElo "2248"]
[LiveChessVersion "1.4.8"]

1. Nf3 {[%clk 1:30:33]} Nf6 {[%clk 1:30:43]} 2. c4 {[%clk 1:30:52]} c5
{[%clk 1:31:06]} 3. Nc3 {[%clk 1:31:10]} d5 {[%clk 1:31:30]} 4. cxd5
{[%clk 1:31:34]} Nxd5 {[%clk 1:31:55]} 5. e4 {[%clk 1:31:09]} Nb4
{[%clk 1:31:26]} 6. Bb5+ {[%clk 1:30:15]} Bd7 {[%clk 1:25:53]} 7. Bc4
{[%clk 1:30:20]} e6 {[%clk 1:23:35]} 8. O-O {[%clk 1:24:10]} Be7 {[%clk 1:21:30]}
9. d4 {[%clk 1:16:59]} cxd4 {[%clk 1:20:42]} 10. Nxd4 {[%clk 1:17:22]} Qc7
{[%clk 1:15:12]} 11. Qe2 {[%clk 1:07:42]} a6 {[%clk 1:11:35]} 12. Be3
{[%clk 1:01:25]} O-O {[%clk 1:05:16]} 13. a3 {[%clk 0:46:47]} N4c6
{[%clk 1:05:33]} 14. Nf3 {[%clk 0:47:05]} Ne5 {[%clk 0:58:10]} 15. Nxe5
{[%clk 0:45:06]} Qxe5 {[%clk 0:58:34]} 16. f4 {[%clk 0:38:35]} Qc7
{[%clk 0:58:11]} 17. e5 {[%clk 0:37:09]} Bc6 {[%clk 0:51:44]} 18. Bd3
{[%clk 0:33:24]} Nd7 {[%clk 0:46:14]} 19. Ne4 {[%clk 0:31:40]} Rfd8
{[%clk 0:38:06]} 20. Rac1 {[%clk 0:29:18]} Nf8 {[%clk 0:33:56]} 21. Rfd1
{[%clk 0:26:50]} Rac8 {[%clk 0:27:04]} 22. Qf2 {[%clk 0:22:15]} Qb8
{[%clk 0:27:20]} 23. Qe2 {[%clk 0:11:11]} Ng6 {[%clk 0:23:46]} 24. g3
{[%clk 0:10:40]} b5 {[%clk 0:23:20]} 25. Bf2 {[%clk 0:08:48]} Qa8
{[%clk 0:21:14]} 26. Bb1 {[%clk 0:08:33]} Bd5 {[%clk 0:20:08]} 27. Qe1
{[%clk 0:08:07]} Nf8 {[%clk 0:16:11]} 28. Nc3 {[%clk 0:07:51]} Rxc3
{[%clk 0:14:27]} 29. Qxc3 {[%clk 0:05:31]} Bh1 {[%clk 0:14:54]} 30. Kf1
{[%clk 0:05:56]} b4 {[%clk 0:08:05]} 31. axb4 {[%clk 0:05:17]} Rb8
{[%clk 0:08:09]} 32. Rd4 {[%clk 0:04:58]} Qg2+ {[%clk 0:07:58]} 33. Ke2
{[%clk 0:04:18]} f5 {[%clk 0:05:32]} 34. Rdd1 {[%clk 0:02:35]} Bxb4
{[%clk 0:05:58]} 35. Qe3 {[%clk 0:02:34]} Ba5 {[%clk 0:06:06]} 36. Rxh1
{[%clk 0:01:53]} Rxb2+ {[%clk 0:06:25]} 37. Bc2 {[%clk 0:02:19]} Rxc2+
{[%clk 0:05:43]} 38. Rxc2 {[%clk 0:02:46]} Qxh1 {[%clk 0:06:08]} 39. Rc8
{[%clk 0:01:17]} Bb4 {[%clk 0:04:03]} 40. Qd3 {[%clk 0:30:56]} a5
{[%clk 0:30:46]} 41. Qc4 {[%clk 0:29:22]} Kf7 {[%clk 0:30:03]} 42. Qc6
{[%clk 0:28:42]} Qxc6 {[%clk 0:29:04]} 43. Rxc6 {[%clk 0:29:07]} Nd7
{[%clk 0:27:23]} 44. Be1 {[%clk 0:28:11]} Be7 {[%clk 0:27:18]} 45. Bxa5
{[%clk 0:28:09]} g5 {[%clk 0:27:11]} 46. Rc7 {[%clk 0:27:50]} Ke8
{[%clk 0:27:37]} 47. Rc8+ {[%clk 0:28:08]} Kf7 {[%clk 0:28:03]} 48. Bd8
{[%clk 0:28:13]} gxf4 {[%clk 0:28:21]} 49. gxf4 {[%clk 0:28:02]} Bf8
{[%clk 0:28:34]} 50. h4 {[%clk 0:24:45]} Bh6 {[%clk 0:26:09]} 51. Bg5
{[%clk 0:24:53]} Bg7 {[%clk 0:26:35]} 52. h5 {[%clk 0:23:52]} h6 {[%clk 0:26:53]}
53. Bh4 {[%clk 0:24:05]} Bf8 {[%clk 0:26:56]} 54. Bf2 {[%clk 0:24:02]} Be7
{[%clk 0:27:02]} 55. Kd3 {[%clk 0:24:10]} Bf8 {[%clk 0:26:36]} 56. Kc4
{[%clk 0:24:16]} Be7 {[%clk 0:26:36]} 57. Kb5 {[%clk 0:24:27]} Ba3
{[%clk 0:26:37]} 58. Kc6 {[%clk 0:24:02]} Nf8 {[%clk 0:26:57]} 59. Bc5
{[%clk 0:24:18]} 1-0